Solidarismo y sindicalismo
El solidarismo según sus dirigentes, está basado en la aspiración de lograr la plena armonía y concordia entre obreros y patrones, con el objeto de alcanzar la democratización del capital y fomentar la productividad para satisfacer las aspiraciones y necesidades de patronos y trabajadores mediante e...
Bewaard in:
| Formaat: | Texto |
|---|---|
| Taal: | Spanish |
| Onderwerpen: | |
| Tags: |
Voeg label toe
Geen labels, Wees de eerste die dit record labelt!
|
MARC
| LEADER | 00000 a a2200000 04500 | ||
|---|---|---|---|
| 001 | 1857 | ||
| 003 | cru CIDCACS/IIS | ||
| 005 | 20230525093426.0 | ||
| 008 | 230525b |||||||| |||| 00| 0 spa d | ||
| 040 | |c cru CIDCACS/IIS | ||
| 245 | |a Solidarismo y sindicalismo | ||
| 500 | |a Colección Centroamérica | ||
| 520 | |a El solidarismo según sus dirigentes, está basado en la aspiración de lograr la plena armonía y concordia entre obreros y patrones, con el objeto de alcanzar la democratización del capital y fomentar la productividad para satisfacer las aspiraciones y necesidades de patronos y trabajadores mediante el ahorro y la creación de empresas de propiedad laboral. El solidarismo promulga la vinculación entre los obreros y los patronos para obtener ganancias que posibilitan a los trabajadores el acceso a los medios de producción y pueda llegar a ser un empresario. El artículo recoge las opiniones de importantes personas del movimiento solidarista de Guatemala como Sanchinelli y Unsitragua ellos acuerdan en que este movimiento no sufre la presión que deben soportar los sindicalistas. Agregan, no obstante, que si bien los sindicatos pueden prestar servicios de ahorro y servicio social, nunca podrán garantizar la defensa plena de los intereses de los trabajadores. OB/JM | ||
| 650 | |a MOVIMIENTOS SOCIALES | ||
| 650 | |a SINDICALISMO | ||
| 650 | |a ASOCIACIONES SOLIDARISTAS | ||
| 650 | |a DEMOCRATIZACION | ||
| 650 | |a CAPITAL | ||
| 650 | |a EMPRESAS | ||
| 650 | |a TRABAJADORES | ||
| 650 | |a MEDIOS DE PRODUCCION | ||
| 773 | |g número 140; páginas 4-5 | ||
| 773 | 0 | |0 43080 |9 4699 |a Agencia Centroamericana de Noticias |d Guatemala: Agencia Centroamericana de Noticias, Servicio de Información y Análisis de Guatemala |o 22879 |t Boletín ACEN SIAG / | |
| 942 | |2 ddc |c PP | ||
| 999 | |c 36510 |d 36510 | ||
